000 00321nam a22001337a 4500
008 180919b xxu||||| |||| 00| 0 eng d
020 _a9780495102083
041 _aeng
080 _a159.9
100 _a49
101 _aPSI
245 _aTheory and Practice of Counseling and Psychotherapy
_cCorey, G
942 _2udc
_cBK
999 _c48081
_d48081